| 000 | 00393nam a22001457a 4500 | ||
|---|---|---|---|
| 020 | _a9780199064779 | ||
| 082 | _a954.92046 | ||
| 100 | _a Bose, Sarmila | ||
| 245 | _aDead reckoning : memories of the 1971 Bangladesh War | ||
| 260 |
_aNew York ; _bOxford University Press, _c2011 |
||
| 300 | _a239 p. : | ||
| 650 | _aRevolution--War and society | ||
| 700 | _a Bose, Sarmila | ||
| 942 | _cBK | ||
| 999 |
_c11509 _d11509 |
||